| 000 | 01491nam a2200301 i 4500 | ||
|---|---|---|---|
| 001 | 000008373 | ||
| 003 | DO-SdBNP | ||
| 005 | 20240412074207.0 | ||
| 007 | ta | ||
| 008 | 090916s2002 dr 000 j spa d | ||
| 020 | _a9993491225 | ||
| 040 |
_aDO-SdBNP _bspa _cBNPHU _erda |
||
| 082 | 4 |
_aRD863.44 _bP925r _222 |
|
| 111 | 2 |
_aPremio Internacional de Cuento Casa de Teatro _d(2002 : _cSanto Domingo) _922597 |
|
| 245 | 1 | 3 |
_aUn ruinoso café en el París de entonces / _cedición Vivian Lechuga. |
| 264 |
_aSanto Domingo : _bCasa de Teatro, _c2002. |
||
| 300 |
_a173 páginas ; _c21 cm. |
||
| 336 |
_2rdacontent _atexto _btxt |
||
| 337 |
_2rdamedia _asin mediación _bn |
||
| 338 |
_2rdacarrier _avolumen _bnc |
||
| 505 | 0 |
_aLos cronopios, las putas y un ruinoso café en el París de entonces/ _rAmir Valle -- _tAlma de mar/ _rRafael Gómez -- _a¡Travesuras de muchachos!/ _rLeo Silverio -- _tMi adorada matrioshka/ _rEmilio Aragón Colvile -- _tLa antena/ _rMiguel Bucarelli -- _tMacario/ _rMaria Jozer Florez -- _aEl bacá/ _rHerman R. Mella chavier -- _tInstantes de confusión/ _rRafael Nolasco Morel -- _tPara Elisa, que es mi vida... / _rFederico Sánchez -- _tFlor de sabana / _rJesús Segura Martínez -- _tEl viejo cumpleaños de Erasmo/ _rRamón Enrique Molina. |
|
| 590 | _aInventariado, 2019/VM | ||
| 650 | 0 |
_aCuentos dominicanos _9176 |
|
| 650 | 0 |
_aLiteratura dominicana. _967 |
|
| 700 | 1 | 2 |
_aLechuga, Vivian, _eedición _910977 |
| 910 | _aValidado. Control de calidad MFF | ||
| 942 |
_2ddc _cLBS1 |
||
| 999 |
_c8144 _d8144 |
||